000
00278nam a2200121Ia 4500
008
190216s9999||||xx |||||||||||||| ||und||
100
_a
Sarath Kumar P K
245
0
_a
Economics
260
_b
Vishal Prakashan Mandir Meerut
300
_a
176p
650
_a
Economics
942
_c
BK
999
_c
9357
_d
9357